[Event "Voronezh op-B 18th"]
[Site "Voronezh"]
[Date "2014.06.19"]
[Round "8"]
[White "Shabunin, Danil"]
[Black "Filippov, Vladimir Mikhailovi"]
[Result "1-0"]
[WhiteElo "1763"]
[BlackElo "2015"]
[PlyCount "103"]
[EventDate "2014.06.12"]
[EventType "swiss"]
[EventRounds "9"]
[EventCountry "RUS"]
[SourceTitle "EXT 2015"]
[Source "ChessBase"]
[SourceDate "2014.11.20"]
[SourceVersion "1"]
[SourceVersionDate "2014.11.20"]
[SourceQuality "1"]

1. e4 d6 2. d4 Nf6 3. Nc3 g6 4. Nf3 Bg7 5. Bf4 0-0 6. Qd2 c6 7. 0-0-0 b5 8. Bd3 a5 9. Rhe1 Na6 10. Bh6 a4 11. Bxg7 Kxg7 12. e5 dxe5 13. dxe5 Nd5 14. Be4 e6 15. h4 a3 16. b3 Qa5 17. Bxd5 exd5 18. h5 Bg4 19. h6+ Kg8 20. Qf4 Bf5 21. Re3 Qd8 22. Nd4 Bd7 23. Qg3 Nc5 24. f4 Ne6 25. Nde2 f5 26. Nd4 Qb6 27. Nxe6 Bxe6 28. Red3 Rad8 29. Ne2 c5 30. Rc3 c4 31. b4 Ra8 32. Re3 Ra4 33. c3 Raa8 34. Qf2 Qc6 35. Nd4 Qd7 36. Re2 Rfd8 37. Qf3 Qe8 38. Nxe6 Qxe6 39. Red2 Rd7 40. Rxd5 Rad8 41. Rxd7 Rxd7 42. Rxd7 Qxd7 43. Qd1 Qc6 44. Qd8+ Kf7 45. Qh8 Qe4 46. Qxh7+ Ke8 47. Qxg6+ Kf8 48. Qg3 Qe2 49. h7 Qb2+ 50. Kd1 Qa1+ 51. Ke2 Qxa2+ 52. Ke3 1-0

[Event "Voronezh op-B 18th"]
[Site "Voronezh"]
[Date "2014.06.17"]
[Round "6"]
[White "Shabunin, Danil"]
[Black "Alieva, Alexandra"]
[Result "1-0"]
[WhiteElo "1763"]
[BlackElo "1950"]
[PlyCount "81"]
[EventDate "2014.06.12"]
[EventType "swiss"]
[EventRounds "9"]
[EventCountry "RUS"]
[SourceTitle "EXT 2015"]
[Source "ChessBase"]
[SourceDate "2014.11.20"]
[SourceVersion "1"]
[SourceVersionDate "2014.11.20"]
[SourceQuality "1"]

1. e4 e5 2. f4 exf4 3. Nf3 Be7 4. Bc4 Bh4+ 5. Kf1 d6 6. d4 Nc6 7. Bxf4 Bg4 8. Nc3 Bf6 9. Be3 Nge7 10. Qd2 Ng6 11. Nd5 0-0 12. Nxf6+ gxf6 13. Re1 f5 14. Bg5 Qd7 15. Bf6 f4 16. h3 Bxf3 17. gxf3 d5 18. Bxd5 Qd6 19. Bg5 Nce7 20. Bb3 c5 21. c3 cxd4 22. cxd4 Nc6 23. Rd1 Kh8 24. e5 Qd7 25. Bf6+ Kg8 26. h4 h5 27. Kf2 Rad8 28. Bxd8 Rxd8 29. d5 Ncxe5 30. Rhg1 Kh8 31. Qd4 Qh3 32. Rxg6 Qxh4+ 33. Kf1 fxg6 34. Qxe5+ Kh7 35. Ke2 Rd7 36. d6 Qh2+ 37. Kd3 Qf2 38. Qxf4 Qc5 39. Ke2 Qb5+ 40. Kf2 Qc5+ 41. Kg2 1-0

[Event "Zagorovsky Memorial op"]
[Site "Voronezh"]
[Date "2013.06.30"]
[Round "6"]
[White "Kovalenko, Sergey D"]
[Black "Shabunin, Danil"]
[Result "1-0"]
[WhiteElo "2305"]
[BlackElo "1748"]
[PlyCount "63"]
[EventDate "2013.06.25"]
[EventType "swiss"]
[EventRounds "9"]
[EventCountry "RUS"]
[SourceTitle "EXT 2014"]
[Source "ChessBase"]
[SourceDate "2013.11.20"]
[SourceVersion "1"]
[SourceVersionDate "2013.11.20"]
[SourceQuality "1"]

1. e4 e5 2. Nf3 Nc6 3. Bb5 a6 4. Ba4 f5 5. d3 Nf6 6. 0-0 b5 7. Bb3 Na5 8. Nxe5 Nxb3 9. axb3 Bd6 10. Nf3 fxe4 11. dxe4 Bb7 12. e5 Ng4 13. exd6 0-0 14. Ng5 h5 15. Qd3 Nf6 16. Nc3 b4 17. Qc4+ Kh8 18. Qxb4 Rb8 19. Qh4 cxd6 20. Bf4 Qb6 21. Rad1 g6 22. Rxd6 Qb4 23. Bg3 Qxh4 24. Bxh4 Kg7 25. f3 Bc6 26. Nge4 Nxe4 27. Nxe4 Rb4 28. Bf6+ Kh7 29. Be7 Rf5 30. Rxc6 Rxe4 31. fxe4 Rxf1+ 32. Kxf1 1-0

[Event "Voronezh op-B 17th"]
[Site "Voronezh"]
[Date "2013.06.14"]
[Round "3"]
[White "Shabunin, Danil"]
[Black "Chernov, Vladimir S"]
[Result "1/2-1/2"]
[WhiteElo "1748"]
[BlackElo "1878"]
[PlyCount "100"]
[EventDate "2013.06.12"]
[EventType "swiss"]
[EventRounds "9"]
[EventCountry "RUS"]
[SourceTitle "EXT 2014"]
[Source "ChessBase"]
[SourceDate "2013.11.20"]
[SourceVersion "1"]
[SourceVersionDate "2013.11.20"]
[SourceQuality "1"]

1. e4 c5 2. Nf3 d6 3. d4 cxd4 4. Nxd4 Nf6 5. Nc3 g6 6. Be3 Bg7 7. Qd2 0-0 8. f3 Nc6 9. 0-0-0 Bd7 10. g4 Rc8 11. h4 h5 12. g5 Ne8 13. f4 Bg4 14. Be2 Bxe2 15. Qxe2 Nxd4 16. Bxd4 Qa5 17. Bxg7 Nxg7 18. Kb1 Rc5 19. Nd5 Kh7 20. c4 Qa6 21. b3 b5 22. f5 bxc4 23. Rhf1 Rb8 24. fxg6+ fxg6 25. Rf7 Qa3 26. Qb2 Qxb2+ 27. Kxb2 cxb3 28. axb3 Re8 29. Nf6+ exf6 30. gxf6 Rg8 31. Rxd6 Kh6 32. Rdd7 a5 33. fxg7 Re5 34. Rf8 Re8 35. Rxe8 Rxe8 36. Kc3 Rg8 37. e5 g5 38. e6 gxh4 39. e7 h3 40. Rd8 h2 41. Rxg8 h1Q 42. e8Q Qc1+ 43. Kd4 Qb2+ 44. Kc5 Qc3+ 45. Kd6 Qb4+ 46. Kc7 Qf4+ 47. Kd7 Qd4+ 48. Ke7 Qe5+ 49. Kf8 Qf6+ 50. Qf7 Qd8+ 1/2-1/2

[Event "Voronezh Region-ch Juniors"]
[Site "Voronezh"]
[Date "2010.11.24"]
[Round "?"]
[White "Shabunin, Danil"]
[Black "Gavrilov, Evgeny"]
[Result "0-1"]
[WhiteElo "1736"]
[BlackElo "1875"]
[PlyCount "51"]
[EventDate "2010.11.23"]
[EventType "swiss"]
[EventRounds "9"]
[EventCountry "RUS"]
[SourceTitle "EXT 2022"]
[Source "ChessBase"]
[SourceDate "2021.10.06"]
[SourceVersion "1"]
[SourceVersionDate "2021.10.06"]
[SourceQuality "1"]

1. e4 c5 2. Nf3 Nc6 3. c3 g6 4. d4 cxd4 5. cxd4 Bg7 6. Nc3 d6 7. Bc4 Nf6 8. Be3 0-0 9. 0-0 a6 10. a4 Ng4 11. Bg5 h6 12. Bh4 Nf6 13. Bg3 Bg4 14. Qd3 Bxf3 15. gxf3 Nb4 16. Qd2 d5 17. Bb3 dxe4 18. fxe4 e6 19. Rad1 Qb6 20. f3 Nc6 21. Ba2 e5 22. Bf2 Nxd4 23. Bxd4 exd4 24. Qxd4 Qxb2 25. Rb1 Nxe4 26. Qxe4 0-1

[Event "Voronezh Interma Cup"]
[Site "Voronezh"]
[Date "2010.06.07"]
[Round "11"]
[White "Chekhov, Sergey"]
[Black "Shabunin, Danil"]
[Result "1-0"]
[WhiteElo "2361"]
[BlackElo "1736"]
[PlyCount "59"]
[EventDate "2010.05.25"]
[EventType "tourn"]
[EventRounds "11"]
[EventCountry "RUS"]
[SourceTitle "EXT 2022"]
[Source "ChessBase"]
[SourceDate "2021.10.06"]
[SourceVersion "1"]
[SourceVersionDate "2021.10.06"]
[SourceQuality "1"]

1. d4 Nf6 2. c4 g6 3. Nc3 Bg7 4. e4 d6 5. Bd3 0-0 6. Nge2 e5 7. d5 Nbd7 8. 0-0 Nh5 9. Be3 f5 10. exf5 gxf5 11. f4 Qe8 12. Qd2 Ndf6 13. fxe5 Ng4 14. e6 Be5 15. h3 Bh2+ 16. Kh1 Ng3+ 17. Nxg3 Bxg3 18. Bxf5 Nh2 19. Bh6 Qh5 20. Bxf8 Nxf1 21. Rxf1 Bd7 22. exd7 Rxf8 23. Be6+ Kg7 24. Rxf8 Kxf8 25. d8Q+ Kg7 26. Qg8+ Kf6 27. Ne4+ Ke7 28. Qdg5+ Qxg5 29. Qf7+ Kd8 30. Qd7# 1-0

[Event "Voronezh Interma Cup"]
[Site "Voronezh"]
[Date "2010.05.25"]
[Round "4"]
[White "Popov, Kirill"]
[Black "Shabunin, Danil"]
[Result "1-0"]
[WhiteElo "1871"]
[BlackElo "1736"]
[PlyCount "73"]
[EventDate "2010.05.25"]
[EventType "tourn"]
[EventRounds "11"]
[EventCountry "RUS"]
[SourceTitle "EXT 2022"]
[Source "ChessBase"]
[SourceDate "2021.10.06"]
[SourceVersion "1"]
[SourceVersionDate "2021.10.06"]
[SourceQuality "1"]

1. e4 e5 2. Nf3 Nc6 3. Bc4 Nf6 4. d3 d5 5. exd5 Nxd5 6. 0-0 Bc5 7. Re1 f6 8. d4 Nb6 9. Bb5 Be7 10. dxe5 0-0 11. c3 Nxe5 12. Nxe5 fxe5 13. Qb3+ Kh8 14. Rxe5 Bd6 15. Bg5 Be6 16. Qxe6 Qb8 17. Be7 Bxe5 18. Bxf8 c6 19. Bd3 Bxh2+ 20. Kh1 Qxf8 21. Qe4 g6 22. Qd4+ Kg8 23. Kxh2 Rd8 24. Bc4+ Nxc4 25. Qxc4+ Kh8 26. Na3 Qxf2 27. Rf1 Qxb2 28. Qh4 Qd2 29. Nc4 Qd5 30. Qe7 Kg8 31. Ne5 Qd6 32. Rf8+ Rxf8 33. Qxd6 Kg7 34. Qe7+ Kg8 35. Ng4 Rb8 36. Nf6+ Kh8 37. Qxh7# 1-0

[Event "Voronezh Interma Cup"]
[Site "Voronezh"]
[Date "2010.05.25"]
[Round "7"]
[White "Shabunin, Danil"]
[Black "Zhileykin, Andrey"]
[Result "1-0"]
[WhiteElo "1736"]
[BlackElo "1872"]
[PlyCount "79"]
[EventDate "2010.05.25"]
[EventType "tourn"]
[EventRounds "11"]
[EventCountry "RUS"]
[SourceTitle "EXT 2022"]
[Source "ChessBase"]
[SourceDate "2021.10.06"]
[SourceVersion "1"]
[SourceVersionDate "2021.10.06"]
[SourceQuality "1"]

1. e4 c5 2. Nf3 a6 3. c3 d5 4. exd5 Qxd5 5. d4 Nf6 6. Be2 cxd4 7. cxd4 e6 8. Nc3 Qd8 9. 0-0 Be7 10. Bf4 Nc6 11. Bc4 Nb4 12. Re1 0-0 13. Qe2 Re8 14. Rad1 Nbd5 15. Be5 Nxc3 16. bxc3 Nd5 17. Qd3 Bf8 18. h4 Bd7 19. Ng5 f5 20. Qf3 h6 21. Bxd5 hxg5 22. Bb3 g4 23. Qxf5 Qxh4 24. Re4 Rac8 25. Rxg4 Qh7 26. Qg5 Rxc3 27. Rh4 Be7 28. Rxh7 Bxg5 29. Rxg7+ Kf8 30. Rxg5 Ke7 31. Rg7+ Kd8 32. d5 Rc5 33. dxe6 Rxe5 34. Rdxd7+ Kc8 35. Rc7+ Kb8 36. Rxb7+ Kc8 37. Rgc7+ Kd8 38. Rb8+ Kxc7 39. Rxe8 Kd6 40. f4 1-0